Essentials of nursing practice / (Record no. 1468)

MARC details
000 -LEADER
fixed length control field 03729cam a22005177i 4500
001 - CONTROL NUMBER
control field data
005 - DATE AND TIME OF LATEST TRANSACTION
control field 20260322212102.0
008 - FIXED-LENGTH DATA ELEMENTS--GENERAL INFORMATION
fixed length control field data
035 ## - SYSTEM CONTROL NUMBER
System control number 18408636
010 ## - LIBRARY OF CONGRESS CONTROL NUMBER
LC control number 2014959527
016 7# - NATIONAL BIBLIOGRAPHIC AGENCY CONTROL NUMBER
Record control number 101661298
Source DNLM
020 ## - INTERNATIONAL STANDARD BOOK NUMBER
International Standard Book Number 9781446273104
020 ## - INTERNATIONAL STANDARD BOOK NUMBER
International Standard Book Number 1446273105
020 ## - INTERNATIONAL STANDARD BOOK NUMBER
International Standard Book Number 9781446273111
Qualifying information (pbk.)
020 ## - INTERNATIONAL STANDARD BOOK NUMBER
International Standard Book Number 1446273113
Qualifying information (pbk.)
020 ## - INTERNATIONAL STANDARD BOOK NUMBER
International Standard Book Number 9781473929579
Qualifying information (pbk. & interactive ebk.)
020 ## - INTERNATIONAL STANDARD BOOK NUMBER
International Standard Book Number 1473929571
Qualifying information (pbk. & interactive ebk.)
035 ## - SYSTEM CONTROL NUMBER
System control number (OCoLC)894312616
040 ## - CATALOGING SOURCE
Original cataloging agency EUE
Language of cataloging eng
Transcribing agency NLM
Modifying agency DLC
-- BDX
-- CDX
-- YDXCP
-- EUF
-- Z5A
-- OCLCF
-- S3O
-- OCLCQ
-- OCLCO
-- DLC
042 ## - AUTHENTICATION CODE
Authentication code lccopycat
-- lccopycat
050 00 - LIBRARY OF CONGRESS CALL NUMBER
Classification number RT86.7
Item number .E87 2015
060 00 - NATIONAL LIBRARY OF MEDICINE CALL NUMBER
Classification number 2015 F-557
060 10 - NATIONAL LIBRARY OF MEDICINE CALL NUMBER
Classification number WY 100.1
082 04 - DEWEY DECIMAL CLASSIFICATION NUMBER
Classification number 610.7/3/0941
Edition information 23
245 00 - TITLE STATEMENT
Title Essentials of nursing practice /
Statement of responsibility, etc. edited by Catherine Delves-Yates.`
260 ## - PUBLICATION, DISTRIBUTION, ETC.
Place of publication, distribution, etc. Los Angeles :
Name of publisher, distributor, etc. SAGE,
Date of publication, distribution, etc. 2015.
300 ## - PHYSICAL DESCRIPTION
Extent xxviii, 712 pages :
Other physical details illustrations, portraits ;
Dimensions 28 cm.
336 ## - CONTENT TYPE
Content type term text
Content type code txt
Source rdacontent
337 ## - MEDIA TYPE
Media type term unmediated
Media type code n
Source rdamedia
338 ## - CARRIER TYPE
Carrier type term volume
Carrier type code nc
Source rdacarrier
490 0# - SERIES STATEMENT
Series statement Sage edge
504 ## - BIBLIOGRAPHY, ETC. NOTE
Bibliography, etc. note Includes bibliographical references and index.
505 0# - FORMATTED CONTENTS NOTE
Formatted contents note What is nursing and What is a nurse? -- Being a nursing student -- Core academic skills -- Academic writing and assessment skills -- Ethics -- Law -- Accountability and professionalism -- Resilience -- The role of the nursing student in effecting change -- Clinical governance -- Delivering effective care -- Introduction to nursing theory -- Value-based, person-centered care -- Patient, service user, family and carer perspectives -- assessment, planning, implementation and evaluation (APIE) -- Core communication skills -- Communication and interpersonal skills in challenging circumstances -- Assessing and managing risk -- Record-keeping and documentation -- Clinical decision-making -- Health promotion -- Safeguarding -- Patient education -- Infection prevention and control (IPC) -- Clinical measurement -- Pain management -- Aseptic technique and specimen collection -- Skin integrity -- Safer handling of people -- First aid -- Medicines administration -- Assisting patients with their nutritional needs -- Assisting patients with their elimination needs -- Assisting with their hygiene needs -- Last offices -- Introduction to the organization and settings of care -- Public health -- Introduction to interprofessional working -- Introduction to the psychological context of nursing -- Introduction to the sociological context of nursing -- Introduction to health policy and the political context of nursing -- Introduction to the global context of nursing.
520 ## - SUMMARY, ETC.
Summary, etc. "Essentials of Nursing Practice is a ground-breaking new resource which introduces nursing students to the core topics they need to master during their first year and beyond. It brings the study of nursing to life across all four fields of nursing, in all settings, focussing on what it takes to be the best nurse you can be through person-centred compassionate care. Unlike any other book it uniquely blends digital and print learning resources to engage all styles of learners and to provide lecturers with helpful resources to use in their teaching."--
Assigning source Publisher's website.
650 #0 - SUBJECT ADDED ENTRY--TOPICAL TERM
Topical term or geographic name entry element Nursing.
650 12 - SUBJECT ADDED ENTRY--TOPICAL TERM
Topical term or geographic name entry element Nursing.
650 22 - SUBJECT ADDED ENTRY--TOPICAL TERM
Topical term or geographic name entry element Nursing Care.
650 22 - SUBJECT ADDED ENTRY--TOPICAL TERM
Topical term or geographic name entry element Nursing Process.
650 #7 - SUBJECT ADDED ENTRY--TOPICAL TERM
Topical term or geographic name entry element Nursing.
Source of heading or term fast
Authority record control number or standard number (OCoLC)fst01041731
650 #7 - SUBJECT ADDED ENTRY--TOPICAL TERM
Topical term or geographic name entry element Omvårdnad.
Source of heading or term sao
700 1# - ADDED ENTRY--PERSONAL NAME
Personal name Delves-Yates, Catherine.
906 ## - LOCAL DATA ELEMENT F, LDF (RLIN)
a 7
b cbc
c copycat
d 2
e epcn
f 20
g y-gencatlg
925 0# -
-- acquire
-- 1 shelf copy
-- policy default
Holdings
Withdrawn status Lost status Damaged status Not for loan Home library Current library Shelving location Date acquired Total checkouts Full call number Barcode Date last seen Price effective from Koha item type
        Riverside Riverside General stacks 22/03/2026   610.7/3/0941 LOC-RPL-00015 22/03/2026 22/03/2026 Books